twenty one pilots - implicit demand for proof lyrics - Statistics

General Stats
  • This quiz has been taken 2 times
  • The average score is 49 of 100
Answer Stats
Answer % Correct
a
100%
and
100%
i
100%
know
100%
me
100%
no
100%
not
100%
this
100%
you
100%
your
100%
youre
100%
am
50%
away
50%
by
50%
could
50%
day
50%
disrespect
50%
fire
50%
from
50%
go
50%
let
50%
liar
50%
make
50%
mean
50%
name
50%
perplexed
50%
set
50%
us
50%
use
50%
very
50%
ways
50%
why
50%
wont
50%
ahead
0%
calling
0%
dark
0%
destroy
0%
down
0%
face
0%
hiding
0%
lightning
0%
look
0%
place
0%
reign
0%
show
0%
simply
0%
strike
0%
No matching quizzes found
Score Distribution
Percent of People with Each Score
Percentile by Number Answered
Your Score History
You have not taken this quiz